Predikcia vplyvu finančnej a hospodárskej krízy na sektor poľnohospodárstva
Finančná a hospodárska kríza môže spôsobiť pokles výroby v dôsledku zníženia exportu a ďalších zložiek konečnej spotreby, najmä konečnej spotreby domácností a investícií. Vplyv poklesu jednotlivých zložiek konečného použitia na produkciu sektorov poľnohospodárstva a potravinárstva.
Na minha lista:
| Autor principal: | |
|---|---|
| Formato: | Capítulo de Livro |
| Idioma: | eslovaco |
| Assuntos: | |
| Tags: |
Sem tags, seja o primeiro a adicionar uma tag!
|
MARC
| LEADER | 00000naa$a2200000$$$4500 | ||
|---|---|---|---|
| 001 | 0095694 | ||
| 005 | 20231018092153.8 | ||
| 041 | 0 | |a slo | |
| 044 | |a SK | ||
| 245 | 1 | 0 | |a Predikcia vplyvu finančnej a hospodárskej krízy na sektor poľnohospodárstva |c Eva Uhrinčaťová |
| 520 | |a Finančná a hospodárska kríza môže spôsobiť pokles výroby v dôsledku zníženia exportu a ďalších zložiek konečnej spotreby, najmä konečnej spotreby domácností a investícií. Vplyv poklesu jednotlivých zložiek konečného použitia na produkciu sektorov poľnohospodárstva a potravinárstva. | ||
| 610 | 2 | 0 | |a kríza hospodárska |
| 610 | 2 | 0 | |a sektory hospodárske |
| 610 | 2 | 0 | |a poľnohospodárstvo |
| 610 | 2 | 0 | |a potravinárstvo |
| 610 | 2 | 0 | |a spotreba konečná |
| 610 | 2 | 0 | |a modely statické |
| 100 | 1 | |a Uhrinčaťová, Eva | |